Quel tournoi du Grand Chelem… - Click Quiz - Statistiques

Statistiques générales
  • Ce quiz a été pris 360 fois
  • Le résultat moyen est 12 sur 18
Statistiques - réponses
Hint Réponse % Correct
Se joue sur terre battue Roland-Garros
99%
A été gagné 14 fois par Nadal Roland-Garros
96%
Oblige les joueurs à s'habiller en blanc Wimbledon
92%
Est le dernier tournoi du Grand Chelem de l'année US Open
89%
A lieu juste après Roland Garros Wimbledon
88%
Seul tournoi pour lequel ce n'est pas une femme qui détient le record du nombre de victoires Roland-Garros
82%
Est le premier tournoi du Grand Chelem de l'année Open d'Australie
80%
Est le plus ancien tournoi du Grand Chelem (créé en 1877) Wimbledon
78%
Le trophée porte le nom de Coupe des Mousquetaires Roland-Garros
71%
Comporte le plus grand stade de tennis au monde (22 500 spectateurs) US Open
64%
N'est devenu « Open » qu'à partir de 1969 Open d'Australie
61%
Se déroule à Flushing Meadows US Open
61%
A accueilli le plus long match de tennis professionnel, d'une durée de 11h05 (John Isner / Nicolas Mahut, 2010) Wimbledon
59%
La dernière fois qu'un tennisman français a atteint une finale de Grand Chelem (Tsonga, 2008) Open d'Australie
47%
Les spectateurs y consomment massivement des fraises à la crème Wimbledon
47%
Trois hommes se partagent le plus grand nombre de victoires : Jimmy Connors, Pete Sampras et Roger Federer (5 victoires) US Open
45%
Margaret Smith Court l'a remportée 11 fois en 13 ans, un record Open d'Australie
36%
Les Françaises Mary Pierce et Amélie Mauresmo l'ont toutes les deux gagné, respectivement en 1995 et 2006 Open d'Australie
25%
Aucun quiz correspondant
Distribution des résultats
% des personnes avec chaque résultat
Percentile par nombre de réponses
Votre historique - résultats
Vous n’avez pas pris ce quiz